000 01261nam a22003737a 4500
001 BR2011000820
003 BR-BrBNA
005 20230928103449.0
007 ta
008 230509b bl.||||| |||| 00| 0 por d
040 _aBR-BrBNA
_bpor
_cBiblioteca Nacional de Agricultura
041 _a(Por)
072 _aP35; P33
_b3140
_b3240
090 _ 3140 BR2011000820
100 1 _aPereira, P.R.B.
110 1 _aCentro de Energia Nuclear na Agricultura, Piracicaba, SP (Brasil)
_0Tese (Doutor em Ciências)
245 1 _aDistribuição espacial do carbono no solo e avaliação dos fluxos dos gases de efeito estufa (CO2, CH4 e N2O)em áreas de vegetação de cerrado, Pinus spp e Eucalyptus spp na Estação Experimental do Mogi Mirim (IF/SMA-SP)
260 3 _aPiracicaba, SP (Brasil):
_c2010.
300 _a89 p.
500 _aSummaries (Eng, Por); Bibliography p. 60-89; 31 illus.; 6 tables
650 _aPINHEIRO
650 _aEUCALIPTO
650 _aSOLO
650 _aCARBONO
650 _aDIÓXIDO DE CARBONO
650 _aGÁS
650 _aEFEITO ESTUFA
650 _aANÁLISE DO SOLO
650 _aCERRADO
650 _aESTAÇÃO EXPERIMENTAL
650 _aSÃO PAULO
909 _a202309
_bLucia
_c55
_dLucia Elande
942 _cBK
999 _c75226
_d75226